| 000 | 00933nam a22002777a 4500 | ||
|---|---|---|---|
| 008 | 130821s1966 it gr ita | ||
| 040 |
_aCo-BoUCM _bspa |
||
| 041 | 0 | 0 | _aita |
| 092 | _aFM 000532 | ||
| 100 |
_aSmolen, Ladislao _9148457 |
||
| 245 | 0 | 0 |
_aSacrum Poloniae millenium _cA cura de Ladislao Smolen |
| 260 |
_aRoma (Italia) _bHosianum _c1966 |
||
| 300 | _a333 páginas | ||
| 500 | _aIncluye índice. -- Este libro se encuentra en el depósito de la biblioteca | ||
| 610 |
_aIglesia Católica _93579 |
||
| 610 |
_aIglesia Católica _xHistoria _y966-1966 _zPolonia _97705 |
||
| 650 | 0 | 4 |
_a966-1966 _97235 |
| 650 | 0 | 4 |
_aCatolicidad _910609 |
| 650 | 0 | 4 |
_aCatolicidad _zPolonia _910609 |
| 650 | 0 | 4 |
_aDecoración y ornamentación _912506 |
| 650 | 0 | 4 |
_aHistoria _97695 |
| 650 | 0 | 4 |
_aIglesias _917149 |
| 650 | 0 | 4 |
_aIglesias _xDecoración y ornamentación _zPolonia _917149 |
| 651 |
_aPolonia _927235 |
||
| 942 |
_cLIBRO _a27 _e1 _n0 |
||
| 999 |
_c84418 _d84418 |
||